000 00487nam a22001817a 4500
003 CEME
005 20210628204203.0
008 210121b xxu||||| |||| 00| 0 eng d
020 _a0-618-11878-0
040 _cceme
082 _a910.13 BES
100 _aTheroux, , Paul, Wilson , Jason
_969184
245 _aThe best american travel writing 2001
260 _aNEW YORK
_bHOUGHTON
_c2001
300 _aXVI, 405 P
650 _aAMERICAN TRAVEL WRITING 2001
_969185
942 _cBK
_2ddc
999 _c576562
_d576562